00273 a2200121 4500001000700000020001800007040003500025100002500060240002700085245002200112300000800134362000900142153568 a9788503003414 cEscola São Tomás de Aquino aREGO, José Lins do10aMenino de engenholpor10aMenino de engenho a1580 a2008